| 000 -LEADER |
| fixed length control field |
00630nam a2200193 a 4500 |
| 001 - CONTROL NUMBER |
| control field |
:::00007959$&:&@@ |
| 003 - CONTROL NUMBER IDENTIFIER |
| control field |
OkBaRHE |
| 005 - DATE AND TIME OF LATEST TRANSACTION |
| control field |
20100401160603.0 |
| 008 - FIXED-LENGTH DATA ELEMENTS--GENERAL INFORMATION |
| fixed length control field |
s1984 j 000 0 eng u |
| 020 ## - INTERNATIONAL STANDARD BOOK NUMBER |
| International Standard Book Number |
0802432662 (pbk.) |
| 040 ## - CATALOGING SOURCE |
| Transcribing agency |
|
| 245 10 - TITLE STATEMENT |
| Title |
Forget the pith helmet: |
| Remainder of title |
perspectives on the missionary experience. |
| 260 ## - PUBLICATION, DISTRIBUTION, ETC. (IMPRINT) |
| Place of publication, distribution, etc |
Chicago, IL., : |
| Name of publisher, distributor, etc |
Moody Press |
| Date of publication, distribution, etc |
1984 |
| 300 ## - PHYSICAL DESCRIPTION |
| Extent |
180 p. ; |
| Dimensions |
22 cm. |
| 650 ## - SUBJECT ADDED ENTRY--TOPICAL TERM |
| Topical term or geographic name as entry element |
Missions |
| General subdivision |
Addresses, Essays, Lectures |
| 700 ## - ADDED ENTRY--PERSONAL NAME |
| Personal name |
Wicks, Doug. |
| 942 ## - ADDED ENTRY ELEMENTS (KOHA) |
| Source of classification or shelving scheme |
|
| Koha item type |
Books |